00907nam a22001937a 4500003000900000008004100009040007100050082001700121100002300138245004700161260002500208300002800233440005900261505029900320650003300619650001300652650001300665700003500678AR-CdUCM190306b ||||| |||| 00| 0 spa d aMUNICIPALIDAD PROVINCIAL DEL CUSCOcBIBLIOTECA MUNICIPAL DEL CUSCO a372.5 /bB65 aBlumenfeld, Walter aLa juventud como situación conflictiva / aLima :bInca,c1963. a185 páginas :c25 cm. aUniversidad nacional mayor de San MarcosnTraducciones aContenido: A propósito del desarrollo físico -- Puntos fundamentales sobre las leyes del desarrollo -- Las diferentes teorías de la pubertad y la nueva hipótesis -- El desarrollo de los rendimientos -- Ensayos para dominar el conflicto sexual-erótico -- Las federaciones juveniles ... aPsicología del adolescente aJuventud aJudíos akonfliktsituation, Jugend als